| 000 | 00728cam a22002533a 4500 | ||
|---|---|---|---|
| 001 | 27926 | ||
| 003 | PGUSA | ||
| 005 | 20140828083614.0 | ||
| 008 | 090129s2009||||xxu|||||s|||||000 | eng d | ||
| 040 |
_aPGUSA _beng |
||
| 042 | _adc | ||
| 050 | 4 | _aDS | |
| 050 | 4 | _aG | |
| 100 | 1 | _aSmith, J. J. | |
| 245 | 1 | 0 |
_aIn Eastern Seas : _bOr, the Commission of H.M.S. 'Iron Duke,' flag-ship in China, 1878-83 _h[electronic resource] / _cJ. J. Smith |
| 260 |
_bProject Gutenberg, _c2009 |
||
| 506 | _aPublic domain in the USA. | ||
| 516 | _aElectronic text | ||
| 653 | _aVoyages and travels | ||
| 653 | _aIron Duke (Ship) | ||
| 830 | 0 |
_aProject Gutenberg _v27926 |
|
| 856 | 4 | 0 | _uhttp://www.gutenberg.org/ebooks/27926 |
| 942 | _cEB | ||
| 999 |
_c257181 _d257181 |
||